00320pab a2200121 454500008003600000100002100036245004600057650001100103650003700114650001000151650001800161773001900179180718b xxu||||| |||| 00| 0 eng d aSatyanarayana, K aCapital adequacy: norms for sound banking a India a International Economic Relation a Bank aBanks - India aMonthly Review